Vista normal
Vista MARC
Entrada Personal Name
Número de registros utilizados en: 1
001 - CONTROL NUMBER
- control field: 14621
003 - CONTROL NUMBER IDENTIFIER
- control field: OSt
005 - DATE AND TIME OF LATEST TRANSACTION
- control field: 20210309160257.0
008 - FIXED-LENGTH DATA ELEMENTS
- fixed length control field: 210309|| aca||aabn | a|a d
040 ## - CATALOGING SOURCE
- Original cataloging agency: OSt
- Transcribing agency: OSt
100 ## - HEADING--PERSONAL NAME
- Personal name: Valencia Tovar, Alvaro
670 ## - SOURCE DATA FOUND
- Source citation: Work cat.: (OSt): Valencia Tovar, Alvaro, director, Historia de las Fuerzas Militares de Colombia / , 1993